Education and health expenditure and poverty reduction in East Africa Madagascar and Tanzania

Salvato in:
Dettagli Bibliografici
Ente Autore: OECD. Development Centre
Natura: Libro
Lingua:inglese
Pubblicazione: Paris OECD 2002
Serie:International development
Development Centre studies
Soggetti:
Tags: Aggiungi Tag
Nessun Tag, puoi essere il primo ad aggiungerne!!

MARC

LEADER 00000nam a2200000 4500
001 c141890
005 20221124091937.0
020 |a 92-64-19898-9 
041 0 |a eng 
044 |a FR 
245 1 0 |a Education and health expenditure and poverty reduction in East Africa  |b Madagascar and Tanzania 
264 1 |a Paris  |b OECD  |c 2002 
300 |a 194 s. 
490 1 |a International development 
830 0 |a International development 
490 1 |a Development Centre studies 
830 0 |a Development Centre studies 
610 2 0 |a zdravie 
610 2 0 |a náklady na vzdelanie 
610 2 0 |a chudoba 
610 2 0 |a situácia hospodárska 
610 2 0 |a úroveň životná 
610 2 0 |a kapitál ľudský 
610 2 0 |a úspory 
610 2 0 |a ukazovatele ekonomické 
610 2 0 |a ukazovatele sociálne 
610 2 0 |a Afrika 
610 2 0 |a Madagaskar 
610 2 0 |a Tanzánia 
610 2 0 |a svet 
610 2 0 |a OECD 
710 2 |a OECD. Development Centre